Deprese a naděje
| Titel: | Deprese a naděje : protinacistický odboj v letech 1939-1945 na Brněnsku / Petr Kopečný |
|---|---|
| Verfasser: | |
| Veröffentlicht: | Brno : Nakladatelství Šimon Ryšavý, 2018 |
| Umfang: | 434 Seiten : Illustrationen, Diagramme, Porträts, 1 Karte |
| Format: | Buch |
| Sprache: | Tschechisch |
| Schriftenreihe/ mehrbändiges Werk: |
Morava v boji proti fašismu |
| ISBN: | 9788073541927 |
| Hinweise zum Inhalt: |
Inhaltsverzeichnis
Cover Abstract |
alg: 51346308 001A $03004:24-11-23 001B $01999:14-11-25 $t09:57:07.000 001D $03004:30-01-24 001U $0utf8 001X $00 002@ $0Aau 002C $aText $btxt $2rdacontent 002D $aohne Hilfsmittel zu benutzen $bn $2rdamedia 002E $aBand $bnc $2rdacarrier 003@ $0513463089 004A $A978-80-7354-192-7 006C $01057791065 $aOCoLC 007A $0BV045241503 $aBVB 007G $0DE020E1AD0F21527F8DA0C1258AFB00353114 009P $qapplication/pdf $A2 $3Inhaltsverzeichnis $uhttp://scans.hebis.de/HEBCGI/show.pl?51346308_toc.pdf $mV:DE-603;B:DE-Mb50 009P $qapplication/pdf $A2 $3Cover $uhttp://scans.hebis.de/HEBCGI/show.pl?51346308_cov.pdf $mV:DE-603;B:DE-Mb50 009P $qapplication/pdf $A2 $3Abstract $uhttp://scans.hebis.de/HEBCGI/show.pl?51346308_sum.pdf $mV:DE-603;B:DE-Mb50 010@ $acze 010E $erda 011@ $a2018 $n2018 021A $aDeprese a naděje $dprotinacistický odboj v letech 1939-1945 na Brněnsku $hPetr Kopečný 028A $BVerfasser $#Kopečný, Petr $#Kopečný, P. $4aut $71052592333 $8Kopečný, Petr$Z1946- [Tp3] $9341663891 033A $pBrno $nNakladatelství Šimon Ryšavý 034D $a434 Seiten 034M $aIllustrationen, Diagramme, Porträts, 1 Karte 036G $aMorava v boji proti fašismu 044K $qBVB $RTschechien $RBöhmen $RTschechoslowakei $#Böhmen und Mähren Protektorat $#Reichsprotektorat Böhmen und Mähren $#Protektorát Čechy a Morava $74076390-0 $8Protektorat Böhmen und Mähren [Tg1] $9085216569 044K $qBVB $#Brno, Region $74008457-7 $8Brünn$zRegion [Tg1] $9085014826 044K $qBVB $RFaschismus $#Anti-fascist movements $#Antifascisme $#Antifascismo $#Antifascismo $#Antifaschismus $74122803-0 $8Antifaschismus [Ts1] $908540313X 044K $qBVB $RKombattant $ROpposition $RWiderstandskämpfer $RProtest $#Government, Resistance to $#Underground movements, War $#Résistance politique $#Mouvements de résistance $#Politischer Widerstand $#Widerstand $#Widerstandsbewegung $#Politischer Widerstand $#Widerstandsbewegung $#Politischer Widerstand $#Widerstandsbewegung $74079262-6 $8Widerstand [Ts1] $9085225177 045F $a900.9437109044 $eDDC22BSB 045F/01 $a900 045F/03 $f09044 045F/03 $g4371 045R $aGeschichte 1939-1945 045T $aOST $qDE-12 $2FID lok: 51346308 24 exp: 51346308 24 1 #EPN 201B/01 $030-01-24 $t14:26:25.000 201C/01 $024-11-23 201U/01 $0utf8 203@/01 $01248702360 208@/01 $a30-01-24 $bz 209A/01 $a24.00199 $du $f050 $h24 00199 $x00 209C/01 $a24.00199 K $h24 00199 K 209G/01 $a74783015 $x00 220C/01 $akon 247C/01 $8358050-7Marburg, Bibliothek des Herder-Instituts Marburg $9102600961
| LEADER | 00000cam a2200000 c 4500 | ||
|---|---|---|---|
| 001 | 513463089 | ||
| 003 | DE-603 | ||
| 005 | 20251114095707.0 | ||
| 007 | tu | ||
| 008 | 231124s2018 xx |||| | u00||u|cze c | ||
| 020 | |a 9788073541927 | ||
| 035 | |a (DE-599)BVBBV045241503 | ||
| 040 | |a DE-603 |b ger |c DE-603 |d DE-603 |e rda | ||
| 041 | |a cze | ||
| 082 | 0 | 4 | |8 1\u |a 900.9437109044 |q DE-101 |2 22/BSB |
| 084 | |a OST |q DE-12 |2 fid | ||
| 085 | |8 1\u |b 900 | ||
| 085 | |8 1\u |z 1 |s 09044 | ||
| 085 | |8 1\u |z 2 |s 4371 | ||
| 100 | 1 | |a Kopečný, Petr |d 1946- |e Verfasser |4 aut |0 (DE-603)341663891 |0 (DE-588)1052592333 |2 gnd | |
| 245 | 0 | 0 | |a Deprese a naděje |b protinacistický odboj v letech 1939-1945 na Brněnsku |c Petr Kopečný |
| 264 | 1 | |a Brno |b Nakladatelství Šimon Ryšavý |c 2018 | |
| 300 | |a 434 Seiten |b Illustrationen, Diagramme, Porträts, 1 Karte | ||
| 336 | |a Text |b txt |2 rdacontent | ||
| 337 | |a ohne Hilfsmittel zu benutzen |b n |2 rdamedia | ||
| 338 | |a Band |b nc |2 rdacarrier | ||
| 490 | 0 | |a Morava v boji proti fašismu | |
| 648 | 7 | |a Geschichte 1939-1945 |2 gnd | |
| 650 | 7 | |a Antifaschismus |0 (DE-588)4122803-0 |0 (DE-603)08540313X |2 gnd | |
| 650 | 7 | |a Widerstand |0 (DE-588)4079262-6 |0 (DE-603)085225177 |2 gnd | |
| 651 | 7 | |a Protektorat Böhmen und Mähren |0 (DE-588)4076390-0 |0 (DE-603)085216569 |2 gnd | |
| 651 | 7 | |a Brünn |0 (DE-588)4008457-7 |0 (DE-603)085014826 |2 gnd | |
| 856 | 4 | 2 | |m V:DE-603;B:DE-Mb50 |q application/pdf |u http://scans.hebis.de/HEBCGI/show.pl?51346308_toc.pdf |3 Inhaltsverzeichnis |
| 856 | 4 | 2 | |m V:DE-603;B:DE-Mb50 |q application/pdf |u http://scans.hebis.de/HEBCGI/show.pl?51346308_cov.pdf |3 Cover |
| 856 | 4 | 2 | |m V:DE-603;B:DE-Mb50 |q application/pdf |u http://scans.hebis.de/HEBCGI/show.pl?51346308_sum.pdf |3 Abstract |
| 924 | 0 | |9 Mb 50 |a (DE-603)1248702360 |b DE-Mb50 |c HES |d c |g 24.00199 | |


